[Event "Pozarevac Rudar FM 01"]
[Site "Pozarevac"]
[Date "2025.02.01"]
[Round "5"]
[White "Rajkovic, Aleksandar"]
[Black "Milunovic, Toni"]
[Result "1/2-1/2"]
[WhiteElo "2007"]
[BlackElo "2039"]
[PlyCount "36"]
[EventDate "2025.01.28"]
[EventType "tourn"]
[EventRounds "9"]
[EventCountry "SRB"]
[SourceTitle "CB06_2025"]
[SourceDate "2025.02.05"]
[SourceVersion "1"]
[SourceVersionDate "2025.02.05"]
[SourceQuality "1"]

1. e4 c6 2. d4 d5 3. Nc3 dxe4 4. Nxe4 Nf6 5. Nxf6+ exf6 6. Bc4 Bd6 7. Nf3 0-0 8. 0-0 Bg4 9. h3 Bf5 10. Re1 Re8 11. Rxe8+ Qxe8 12. Bd3 Bxd3 13. Qxd3 Nd7 14. Bd2 Nf8 15. Re1 Qd7 16. c4 Re8 17. Rxe8 Qxe8 18. Bc3 Ng6 1/2-1/2

[Event "Pozarevac Rudar FM2 12"]
[Site "Pozarevac"]
[Date "2024.12.17"]
[Round "9"]
[White "Rajkovic, Aleksandar"]
[Black "Liang, Junzhe"]
[Result "1/2-1/2"]
[WhiteElo "2055"]
[BlackElo "1780"]
[PlyCount "60"]
[EventDate "2024.12.10"]
[EventType "tourn"]
[EventRounds "9"]
[EventCountry "SRB"]
[SourceTitle "CB04_2025"]
[SourceDate "2025.01.22"]
[SourceVersion "1"]
[SourceVersionDate "2025.01.22"]
[SourceQuality "1"]

1. e4 c5 2. c4 e6 3. Nc3 Nc6 4. Nge2 Nf6 5. d4 cxd4 6. Nxd4 Bb4 7. Nxc6 dxc6 8. Qxd8+ Kxd8 9. Bg5 h6 10. Bxf6+ gxf6 11. 0-0-0+ Kc7 12. Kc2 Rg8 13. g3 a6 14. Be2 e5 15. Na4 b5 16. a3 Be7 17. Nc3 Be6 18. Nb1 f5 19. f3 h5 20. exf5 Bxf5+ 21. Bd3 Be6 22. cxb5 axb5 23. Rhe1 Bd6 24. Nc3 Rab8 25. Ne4 Be7 26. b4 Bd5 27. Nd2 Bd6 28. Ne4 Be7 29. Nd2 Bd6 30. Ne4 Be7 1/2-1/2

[Event "Pozarevac Rudar FM 12"]
[Site "Pozarevac"]
[Date "2024.12.04"]
[Round "3"]
[White "Rajkovic, Aleksandar"]
[Black "Tosic, Nebojsa"]
[Result "1/2-1/2"]
[WhiteElo "2055"]
[BlackElo "2050"]
[PlyCount "34"]
[EventDate "2024.12.02"]
[EventType "tourn"]
[EventRounds "9"]
[EventCountry "SRB"]
[SourceTitle "CB50_2024"]
[SourceDate "2024.11.01"]
[SourceVersion "1"]
[SourceVersionDate "2024.11.01"]
[SourceQuality "2"]

1. d4 d5 2. c4 c6 3. cxd5 cxd5 4. Nc3 Nc6 5. Bf4 a6 6. e3 Nf6 7. h3 Bf5 8. Rc1 e6 9. a3 Bd6 10. Bxd6 Qxd6 11. b4 0-0 12. Bd3 Bxd3 13. Qxd3 Rac8 14. Nf3 Rc7 15. 0-0 Rfc8 16. Rc2 Na7 17. Rfc1 Nd7 1/2-1/2

[Event "Pozarevac Rudar FM-B 01"]
[Site "Pozarevac"]
[Date "2024.01.31"]
[Round "1.2"]
[White "Rajkovic, Aleksandar"]
[Black "Chaitanya, V."]
[Result "1/2-1/2"]
[WhiteElo "2055"]
[BlackElo "1717"]
[PlyCount "34"]
[EventDate "2024.01.31"]
[EventType "tourn"]
[EventRounds "10"]
[EventCountry "SRB"]
[SourceTitle "CBM 218 Extra"]
[Source "ChessBase"]
[SourceDate "2024.03.31"]
[SourceVersion "1"]
[SourceVersionDate "2024.03.31"]
[SourceQuality "1"]
[WhiteTeam "TIeam A"]
[BlackTeam "TIeam B"]
[WhiteTeamCountry "SRB"]
[BlackTeamCountry "SRB"]

1. e4 d6 2. d4 Nf6 3. Nc3 Nbd7 4. f4 e5 5. Nf3 exd4 6. Qxd4 c6 7. Be3 d5 8. exd5 Bc5 9. Qd3 Qe7 10. Kd2 Bxe3+ 11. Qxe3 Qxe3+ 12. Kxe3 0-0 13. dxc6 bxc6 14. Bd3 Nb6 15. g3 Ng4+ 16. Kd2 Rd8 17. Ke2 Re8+ 1/2-1/2

[Event "Pozarevac Rudar FM 01"]
[Site "Pozarevac"]
[Date "2024.01.29"]
[Round "9.2"]
[White "Rajkovic, Aleksandar"]
[Black "Harshit, Amarnani"]
[Result "1-0"]
[WhiteElo "2055"]
[BlackElo "1811"]
[PlyCount "61"]
[EventDate "2024.01.24"]
[EventType "schev"]
[EventRounds "10"]
[EventCountry "SRB"]
[SourceTitle "CBM 218 Extra"]
[Source "ChessBase"]
[SourceDate "2024.03.31"]
[SourceVersion "1"]
[SourceVersionDate "2024.03.31"]
[SourceQuality "1"]
[WhiteTeam "Team A"]
[BlackTeam "Team B"]
[WhiteTeamCountry "SRB"]
[BlackTeamCountry "SRB"]

1. e4 c5 2. Nf3 d6 3. d4 cxd4 4. Nxd4 Nf6 5. Nc3 g6 6. g3 Bg7 7. Bg2 0-0 8. 0-0 Nc6 9. Nde2 Be6 10. h3 Rc8 11. Be3 Qa5 12. Qd2 Rfd8 13. f4 d5 14. e5 Ne4 15. Nxe4 dxe4 16. Qxa5 Nxa5 17. Bxa7 Rxc2 18. Nd4 Rxb2 19. Nxe6 fxe6 20. Bxe4 Nc4 21. Rf2 Rb5 22. Rc1 Ra8 23. Bd4 Nb6 24. Bxb7 Rd8 25. Ba6 Rb4 26. Bc5 Nd5 27. Bxb4 Nxb4 28. Bc4 Kf7 29. Rb1 Nd5 30. Rd1 g5 31. f5 1-0

[Event "Pozarevac Rudar FM 01"]
[Site "Pozarevac"]
[Date "2024.01.26"]
[Round "3.2"]
[White "Rajkovic, Aleksandar"]
[Black "Chaitanya, V."]
[Result "1-0"]
[WhiteElo "2055"]
[BlackElo "1717"]
[PlyCount "75"]
[EventDate "2024.01.24"]
[EventType "schev"]
[EventRounds "10"]
[EventCountry "SRB"]
[SourceTitle "CBM 218 Extra"]
[Source "ChessBase"]
[SourceDate "2024.03.31"]
[SourceVersion "1"]
[SourceVersionDate "2024.03.31"]
[SourceQuality "1"]
[WhiteTeam "Team A"]
[BlackTeam "Team B"]
[WhiteTeamCountry "SRB"]
[BlackTeamCountry "SRB"]

1. e4 d6 2. d4 Nf6 3. Nc3 Nbd7 4. Nf3 e5 5. g3 Be7 6. Bg2 c6 7. 0-0 Qc7 8. a4 h6 9. h3 Nf8 10. b3 g5 11. dxe5 dxe5 12. Ne1 Ng6 13. Nd3 Rg8 14. Qe2 Be6 15. Nd1 Qd7 16. Kh2 g4 17. h4 0-0-0 18. Bb2 Bd6 19. Ne3 h5 20. Rfd1 Qc7 21. c4 Nd7 22. b4 Nf4 23. Qe1 Nxd3 24. Rxd3 f6 25. Rad1 Be7 26. Nd5 Bxd5 27. exd5 Nb6 28. d6 Bxd6 29. c5 Bxc5 30. bxc5 Nxa4 31. Ba3 Rxd3 32. Rxd3 Qh7 33. Qd1 Qf5 34. Qb3 Re8 35. Rd2 e4 36. Qxa4 e3 37. fxe3 Rxe3 38. Qd4 1-0

[Event "Pozarevac Rudar FM2 11"]
[Site "Pozarevac"]
[Date "2023.11.11"]
[Round "5.1"]
[White "Rajkovic, Aleksandar"]
[Black "Nimay, Agrawal"]
[Result "1/2-1/2"]
[WhiteElo "2127"]
[BlackElo "1678"]
[PlyCount "90"]
[EventDate "2023.11.07"]
[EventType "schev"]
[EventRounds "10"]
[EventCountry "SRB"]
[SourceTitle "CBM 217 Extra"]
[Source "ChessBase"]
[SourceDate "2024.01.31"]
[SourceVersion "1"]
[SourceVersionDate "2024.01.31"]
[SourceQuality "1"]
[WhiteTeam "Team A"]
[BlackTeam "Team B"]
[WhiteTeamCountry "SRB"]
[BlackTeamCountry "SRB"]

1. e4 c5 2. Nf3 e6 3. d3 Nc6 4. g3 g6 5. Bg2 Bg7 6. 0-0 Nge7 7. c3 0-0 8. Re1 d6 9. a4 Rb8 10. Bg5 Qc7 11. Nbd2 b6 12. h4 a6 13. Nf1 b5 14. Qd2 b4 15. Bh6 Na5 16. Bxg7 Kxg7 17. cxb4 Rxb4 18. Qc3+ e5 19. N1d2 Be6 20. Ng5 Nec6 21. f4 Nd4 22. fxe5 dxe5 23. Rac1 Rxa4 24. Qxc5 Qxc5 25. Rxc5 f6 26. Rc7+ Bf7 27. Ngf3 Ne6 28. Ra7 Nc6 29. Rd7 Rd8 30. Rxd8 Ncxd8 31. Rc1 Rb4 32. Rc2 Nd4 33. Nxd4 Rxd4 34. Bf1 Rd6 35. Kf2 Rc6 36. Rxc6 Nxc6 37. Ke3 Be6 38. Be2 Kf7 39. Bd1 Ke7 40. Ba4 Nd4 41. Nf3 Nxf3 42. Kxf3 Kd6 43. b4 Bf7 44. Ke2 Be6 45. Be8 Bg8 1/2-1/2

[Event "Pozarevac Rudar FM 10"]
[Site "Pozarevac"]
[Date "2023.11.04"]
[Round "6.1"]
[White "Rajkovic, Aleksandar"]
[Black "Colic, Milos"]
[Result "0-1"]
[WhiteElo "2119"]
[BlackElo "1887"]
[PlyCount "158"]
[EventDate "2023.10.30"]
[EventType "schev"]
[EventRounds "8"]
[EventCountry "SRB"]
[SourceTitle "CBM 217 Extra"]
[Source "ChessBase"]
[SourceDate "2024.01.31"]
[SourceVersion "1"]
[SourceVersionDate "2024.01.31"]
[SourceQuality "1"]
[WhiteTeam "Team A"]
[BlackTeam "Team B"]
[WhiteTeamCountry "SRB"]
[BlackTeamCountry "SRB"]

1. e4 c6 2. d4 d5 3. Nc3 dxe4 4. Nxe4 Nf6 5. Nxf6+ exf6 6. c3 Bd6 7. Bd3 0-0 8. Ne2 Re8 9. Qc2 h5 10. Be3 Qc7 11. 0-0-0 Nd7 12. Ng3 h4 13. Nf5 Bf4 14. Nxh4 Bxe3+ 15. fxe3 Rxe3 16. Nf5 Re8 17. Rdf1 Nf8 18. h4 Bxf5 19. Bxf5 Qg3 20. Rh3 Re1+ 21. Rxe1 Qxe1+ 22. Qd1 Qxd1+ 23. Kxd1 g6 24. Bd3 Ne6 25. Bc4 Nf4 26. Rf3 Nxg2 27. h5 Re8 28. hxg6 Ne3+ 29. Rxe3 Rxe3 30. gxf7+ Kg7 31. Kd2 Re7 32. a4 f5 33. Kc2 f4 34. d5 f3 35. dxc6 bxc6 36. Kd3 f2 37. Kd4 c5+ 38. Kd5 Rxf7 39. Bf1 Rb7 40. Ke4 Rxb2 41. Ke3 Kf6 42. Be2 Ke5 43. Kxf2 Ra2 44. Ke3 Rxa4 45. Bb5 Ra2 46. Kd3 Rb2 47. Be8 Kd5 48. Bf7+ Kc6 49. Kc4 a5 50. Be8+ Kb6 51. Ba4 Rh2 52. Be8 Rh4+ 53. Kb3 c4+ 54. Kb2 Rh2+ 55. Kb1 Kc5 56. Ba4 Kd5 57. Bb5 Rh7 58. Kc2 Rb7 59. Ba4 Rb6 60. Be8 Rb8 61. Bd7 Rf8 62. Bb5 Kc5 63. Ba4 Rf2+ 64. Kb1 Kd5 65. Bb5 Rf8 66. Kc2 Rc8 67. Bd7 Rc7 68. Bb5 Ke4 69. Kd2 Rc5 70. Be8 Rd5+ 71. Kc2 Ke3 72. Bf7 Rd2+ 73. Kc1 Kd3 74. Bxc4+ Kxc3 75. Bb5 Rb2 76. Bc6 Rb4 77. Bd7 a4 78. Bc6 a3 79. Bd5 Rb2 0-1